| 000 | 01017nac a22002531u 4500 | ||
|---|---|---|---|
| 010 | _a 2003057384 | ||
| 020 | _a3540439455 (alk. paper) | ||
| 082 | 0 | 0 |
_a621.31/244 _bH17 |
| 090 |
_c2233 _d2233 |
||
| 100 | _a20080729 | ||
| 245 | 0 | 0 |
_aThin-film solar cells : _bnext generation photovoltaics and its applications / _cYoshihiro Hamakawa (ed.). |
| 260 |
_aBerlin ; _aNew York : _bSpringer,2004 _cc2004. |
||
| 300 |
_axv, 244 p. : _bill. ; _c24 cm. |
||
| 490 | 1 |
_aSpringer series in photonics, _x1437-0379 ; _v13 |
|
| 504 | _aIncludes bibliographical references and index. | ||
| 650 | 0 | _aPhotovoltaic power generation. | |
| 650 | 0 | _aThin films. | |
| 650 | 0 | _aSolar cells. | |
| 650 | 0 | _aThin film devices. | |
| 700 | 1 |
_aHamakawa, Yoshihiro, _d1932- |
|
| 830 | 0 | _aSpringer series in photonics ; | |
| 942 |
_cBB _k621.31H17 |
||
| 999 |
_c2233 _d2233 |
||